000
00179 a2200085 4500
020
_a
9788195528875
100
_a
Pappal Suneja
245
_a
Architectural Journalism
260
_c
2022
999
_c
13544
_d
13544